|
|
|
|
| LEADER |
00000naa2a2200000 4500 |
| 001 |
532648 |
| 005 |
20240201091858.0 |
| 035 |
|
|
|a (RuTPU)RU\TPU\prd\219846
|
| 035 |
|
|
|a RU\TPU\prd\219845
|
| 090 |
|
|
|a 532648
|
| 100 |
|
|
|a 20140615a2013 k y0rusy50 ca
|
| 101 |
0 |
|
|a rus
|
| 102 |
|
|
|a RU
|
| 200 |
1 |
|
|a Информационно-управляющая система мультипроцессорного комплекса моделирования в реальном времени энергосистем
|f Ю. С. Боровиков, А. О. Сулайманов
|
| 225 |
1 |
|
|a Из опыта работы
|
| 320 |
|
|
|a Библиогр.: с. 63 (3 назв.)
|
| 461 |
|
1 |
|0 (RuTPU)RU\TPU\prd\1672
|t Электротехника
|o научно-технический журнал
|f Департамент машиностроения Минпрома РФ ; АО "Росэлпром"
|d 1963-
|
| 463 |
|
1 |
|0 (RuTPU)RU\TPU\prd\193985
|t № 5
|v С. 56-63
|d 2013
|
| 610 |
1 |
|
|a труды учёных ТПУ
|
| 700 |
|
1 |
|a Боровиков
|b Ю. С.
|c специалист в области электроэнергетики
|c проректор-директор Энергетического института Томского политехнического университета, кандидат технических наук
|f 1978-
|g Юрий Сергеевич
|3 (RuTPU)RU\TPU\pers\27067
|
| 701 |
|
1 |
|a Сулайманов
|b А. О.
|c специалист в области электроэнергетики
|c доцент Томского политехнического университета, кандидат технических наук
|f 1967-
|g Алмаз Омурзакович
|3 (RuTPU)RU\TPU\pers\25326
|9 11308
|
| 801 |
|
1 |
|a RU
|b 63413507
|c 20140428
|
| 801 |
|
2 |
|a RU
|b 63413507
|c 20141029
|g RCR
|
| 942 |
|
|
|c BK
|